Moulds, Toxins and food (Record no. 354836)

MARC details
000 -LEADER
fixed length control field 003720000a22001570004500
020 ## - INTERNATIONAL STANDARD BOOK NUMBER
International Standard Book Number 0 471 99681 5
060 ## - NATIONAL LIBRARY OF MEDICINE CALL NUMBER
Classification number 100
082 ## - DEWEY DECIMAL CLASSIFICATION NUMBER
Classification number 615.95292 MOR
100 ## - MAIN ENTRY--PERSONAL NAME
Personal name Moreau, Claude
245 ## - TITLE STATEMENT
Title Moulds, Toxins and food
260 ## - PUBLICATION, DISTRIBUTION, ETC. (IMPRINT)
Place of publication, distribution, etc. Chichester, John Wiley & Sons INC
260 ## - PUBLICATION, DISTRIBUTION, ETC. (IMPRINT)
Date of publication, distribution, etc. 1979
300 ## - PHYSICAL DESCRIPTION
Extent 477
650 ## - SUBJECT ADDED ENTRY--TOPICAL TERM
Topical term or geographic name as entry element Food poisoning/Mycotoxins- Toxicology
942 ## - ADDED ENTRY ELEMENTS (KOHA)
Koha item type Books (General)
Holdings
Withdrawn status Lost status Damaged status Not for loan Collection code Home library Current library Shelving location Date acquired Total Checkouts Full call number Barcode Date last seen Price effective from Koha item type
        Malayalam College of Agriculture, Vellayani College of Agriculture, Vellayani   02/05/2014   615.95292 MOR KAU_COAV-19067 02/05/2014 12/05/2022 Books (General)
Kerala Agricultural University Central Library
Thrissur-(Dt.), Kerala Pin:- 680656, India
Ph : (+91)(487) 2372219
E-mail: librarian@kau.in
Website: http://library.kau.in/